Luật đầu tư
Guardado en:
| Autor Corporativo: | |
|---|---|
| Formato: | Libro |
| Publicado: |
H.
Chính trị quốc gia
2008
|
| Materias: | |
| Etiquetas: |
Agregar Etiqueta
Sin Etiquetas, Sea el primero en etiquetar este registro!
|
| Thư viện lưu trữ: | Trung tâm Học liệu Lê Vũ Hùng, Trường Đại học Đồng Tháp |
|---|
| LEADER | 00638pam a22002178a 4500 | ||
|---|---|---|---|
| 001 | 00015919 | ||
| 005 | 20171026081022.0 | ||
| 008 | 110401s2008 ||||||Viesd | ||
| 041 | 0 | # | |a Vie |
| 082 | 1 | 4 | |a 346.597 092 |b L504Đ |
| 110 | 1 | # | |a Việt Nam |
| 245 | 0 | 0 | |a Luật đầu tư |
| 260 | # | # | |a H. |b Chính trị quốc gia |c 2008 |
| 300 | # | # | |a 65 tr. |c 19 cm. |
| 650 | # | 4 | |a Luật và pháp chế |
| 650 | # | 4 | |a Việt Nam |
| 650 | # | 4 | |a Đầu tư |
| 852 | # | # | |b Kho đọc |j KD.0001264 |
| 852 | # | # | |j KD.0001264 |
| 910 | |d 01/04/2011 | ||
| 980 | # | # | |a Trung tâm Học liệu Lê Vũ Hùng, Trường Đại học Đồng Tháp |